| 000 | 00636nam a2200181 a 4500 | ||
|---|---|---|---|
| 001 | 000403439 | ||
| 003 | AM-YeHGA | ||
| 005 | 20250617132540.0 | ||
| 008 | 050118s1951 ||| r 000 0 rus d | ||
| 040 | _aAM-YeHGA | ||
| 041 | 1 |
_arus _hgeo |
|
| 100 | 1 | _aЧейшвили, Александр Николаевич | |
| 245 | 1 | 0 |
_aЛело : _bРоман : Пер. с гр. / _cА. Чейшвили; Авториз. пер. Г. Аккермана, А. Кочеткова. |
| 260 |
_aМосква : _bГосиздат худож. лит., _c1951. |
||
| 300 | _a343 с. | ||
| 700 | 1 |
_aАккерман, Г _eпер. _4trl |
|
| 090 | _c154485 | ||
| 999 |
_c153089 _d153089 |
||